| 000 | 01973cam a22004097a 4500 | ||
|---|---|---|---|
| 003 | CHAP | ||
| 005 | 20220329141043.0 | ||
| 008 | 971013m1996 mx rs 00110 spa d | ||
| 010 | _a61942 | ||
| 011 | _a62914 | ||
| 035 | _a67090 | ||
| 040 | _cCHAP | ||
| 082 | 0 | 4 |
_a312.0972 _bI57 1995 Hgo. |
| 110 | 2 |
_aInstituto Nacional de Estadística, Geografía e Informática. México _959304 |
|
| 245 | 1 | 0 |
_aConteo de población y vivienda 1995 _b: Hidalgo : resultados definitivos _c/por Instituto Nacional de Estadística, Geografía e Informática |
| 260 |
_aAguascalientes, Ags. : _bInstituto Nacional de Estadística, Geografía e Informática, _c1996-19 . |
||
| 300 | _av. | ||
| 500 | _aLa biblioteca tiene: v.1 Tabulados básicos(2 Ptes.) --v.2 Perfil sociodemográfico | ||
| 590 |
_aBATCH-UPD _b10 _c20130110 _lUCH01 _h0207 |
||
| 590 |
_aBATCH-UPD _b10 _c20130110 _lUCH01 _h1649 |
||
| 590 |
_aBATCH-UPD _b10 _c20130409 _lUCH01 _h2220 |
||
| 590 |
_aBATCH-UPD _b10 _c20130410 _lUCH01 _h1039 |
||
| 590 |
_aBATCH-UPD _b10 _c20130914 _lUCH01 _h1821 |
||
| 590 |
_aCONVERSION _b10 _c20130109 _lUCH01 _h1333 |
||
| 650 | 1 | 4 |
_aMéxico _xCensos (1995) _976663 |
| 650 | 1 | 4 |
_aPoblación _xEstadísticas _zHidalgo. _989382 |
| 650 | 1 | 4 |
_aPoblación _zHidalgo. _989424 |
| 650 | 1 | 4 |
_aVivienda _xHidalgo. _9120131 |
| 901 | _aBK | ||
| 942 | _cLIBRO | ||
| 949 |
_a312.0972 I57 1995 Hgo. _bBC _cINEGI _d33724000626479 _eINEGI _fv.1 Pte.1 _h91430 _i67090 _si _t41.00 |
||
| 949 |
_a312.0972 I57 1995 Hgo. _bBC _cINEGI _d33724000626487 _eINEGI _fv.1 Pte.2 _h91431 _i67090 _sb _t41.00 |
||
| 949 |
_a312.0972 I57 1995 Hgo. _bBC _cINEGI _d33724000702304 _eINEGI _fv.2 _h93950 _i67090 _sb |
||
| 949 |
_a312.0972 I57 1995 Hgo. _bBC _cINEGI _d33724000842324 _eINEGI _fv.1 Pte.2 c.2 _gDonaciØn _h100514 _i67090 _sb |
||
| 949 |
_a312.0972 I57 1995 Hgo. _bBC _cINEGI _d33724000842381 _eINEGI _fv.1 Pte.1 c.2 _gDonaciØn _h100513 _i67090 _sb |
||
| 949 |
_a312.0972 I57 1995 Hgo. _bBC _cINEGI _d33724000846366 _eINEGI _fv.2 c.2 _gdonaciØn _h101276 _i67090 _sb |
||
| 999 |
_c61942 _d61942 |
||